000 00535nam a22002177a 4500
003 OSt
005 20250917145154.0
007 ta
008 250917b bl ||||| |||| 00| f por d
020 _q(encad.)
040 _bpor
_cOSt
041 0 _apor
_hpor
082 _a869.93
_bP896c
100 1 _aPrado, Adélia
_d1935-
_9805
210 _2Cacos para um vitral
245 1 0 _aCacos para um vitral /
260 _aRio de Janeiro :
_bRocco,
_c1989.
300 _a131 p. :
_c21 cm
650 0 4 _aRomance brasileiro
942 _2ddc
_cLIV
_n0
999 _c610
_d610